Sportifs français par image : S, T - Statistiques

Statistiques générales
  • Ce quiz a été pris 194 fois
  • Le résultat moyen est 6 sur 16
Statistiques - réponses
Par images Hint Réponse % Correct
T- Jo-Wilfried Tsonga
95%
T- Lilian Thuram
88%
S- William Saliba
86%
T- Corentin Tolisso
83%
S- Fabrice Santoro
38%
S- Julia Simon
35%
T- Benjamin Thomas
34%
T- Jérôme Thomas
34%
S- Cyréna Samba-Mayela
26%
T- Bernard Thévenet
22%
S- Jérémy Stravius
22%
T- Ysaora Thibus
15%
T- Chloé Trespeuch
9%
T- Alicia Toublanc
6%
T- Jean-Charles Trouabal
4%
T- Emma Terebo
1%
Aucun quiz correspondant
Distribution des résultats
% des personnes avec chaque résultat
Percentile par nombre de réponses
Votre historique - résultats
Vous n’avez pas pris ce quiz